| 000 | 00838nam a22001817a 4500 | ||
|---|---|---|---|
| 999 |
_c60381 _d60381 |
||
| 003 | Ge_BSU | ||
| 005 | 20230707124710.0 | ||
| 008 | 230707s1983ge xxu||||| |||| 00| 0 geo d | ||
| 041 | _ageo | ||
| 080 | _a2-264(038) გ-30 | ||
| 100 |
_aგელოვანი, აკაკი, ავტ. _916523 |
||
| 245 |
_aმითოლოგიური ლექსიკონი / _bაკაკი გელოვანი ; [რედ. პროფ. ლევან სანიკიძე] |
||
| 264 |
_aთბილისი: _bსაბჭ. საქართველო, _c1983. |
||
| 300 |
_a719 გვ. : _bილ., 16 ფ. ილ. _c30 სმ. |
||
| 653 | _aმითოლოგიური ლექსიკონი | ||
| 700 |
_aსანიკიძე, ლევან _eრედაქტორი _919197 |
||
| 942 |
_2udc _cBK |
||